000 00686nam a2200205Ia 4500
003 GCL
008 140319s9999 xx 000 0 ara d
040 _aGCL /
_cGCL
082 0 4 _a813.01
_bم ص
100 1 _aعبدالحميد ابراهيم
245 1 0 _aصورة الطفل فى القصة القصيرة وادباء الثمانينات /
_cعبدالحميد ابراهيم
700 1 _aمصطفى القاضى
300 _a162 ص
490 _aالهيئة العامة للاستعلامات
_v0
650 0 4 _aالقصص القصيرة
650 0 4 _aقصص الاطفال
650 0 4 _aادب الاطفال
650 0 4 _aالادباء العرب
942 _2ddc
_cBK
999 _c51797
_d51797